| 000 | 01569nam a2200313Ia 4500 | ||
|---|---|---|---|
| 999 |
_c5601 _d5601 |
||
| 003 | OSt | ||
| 005 | 20200620172947.0 | ||
| 008 | 191128s2010 mx ad fr 000 0dspa d | ||
| 020 | _a9789586827737 | ||
| 040 |
_aCO-JMCR _cCO-JMCR |
||
| 041 | 0 | _aspa | |
| 082 | 0 | 4 |
_a332.4 / _bG652d _223 |
| 100 | 1 |
_aGómez Pineda, Javier Guillermo, _eautor _95871 |
|
| 245 | 1 | 0 |
_aDinero, banca y mercados financieros : _blos países emergentes en la economía global / _cJavier Guillermo Gómez Pineda |
| 250 | _aPrimera edición | ||
| 260 |
_aMéxico ; Bogotá : _bAlfaomega : Banco de la República, _c2010 |
||
| 300 |
_axxiv, 359 páginas : _bgráficos a blanco y negro ; _c24 cm. |
||
| 500 | _aIncluye datos biográficos del autor. | ||
| 504 | _aBibliografía: páginas 347-354 | ||
| 505 | 0 | _aEl mercado del dinero -- El dinero -- La oferta de dinero -- La demanda de dinero -- La relación entre el dinero y la inflación -- El mercado de divisas -- Teorías de la tasa de cambio -- La intervención en el mercado cambiario -- Los mercados financieros | |
| 520 | _aEste libro de texto integra exitosamente aspectos centrales que se encuentran dispersos o parcialmente ausentes en otros textos de estudio: el tratamiento simultáneo de temas monetarios y financieros, la plena consideración de las características. | ||
| 650 | 1 | 4 |
_aMoneda _xfinanzas _95872 |
| 650 | 1 | 4 |
_aBancos _95829 |
| 650 | 1 | 4 |
_aInstituciones financieras _92236 |
| 650 | 1 | 4 |
_aMercados _xinflación _95873 |
| 650 | 1 | 4 |
_aMercado de valores _95874 |
| 650 | 2 | 4 |
_aCambio exterior _95875 |
| 942 |
_2ddc _cBK |
||